000 00643nam a2200241Ia 4500
003 IT-RoPAU
008 120407s9999 xx 000 0 und d
040 _aIT-RoPAU
040 _cIT-RoPAU
041 _afra
041 _bgre
100 _aEvagrio Pontico
245 _aTraité pratique ou le moine. (Testo greco-francese)
250 _aParis
260 _aDu Cerf
260 _c1971
300 _c19,5 cm
490 _aSources Chrétiennes
490 _v1
600 _a"1° Tome 1 - 470 p. (Sources Chrétiennes, 170). 2° Tome 480 - 771 p. (Sources Chrétiennes, 171)."
942 _cBK
999 _c23009
_d23009